Biblioteca y Centro de Documentación

Legislación concursal (Registro nro. 22193)

Detalles MARC
000 -CABECERA
Longitud fija campo de control 01259nam a2200373 c 4500
001 - NÚMERO DE CONTROL
Número de control 22193
003 - IDENTIFICADOR DE NÚMERO DE CONTROL
Identificador del número de control ES-MaCES
005 - FECHA Y HORA DE LA ÚLTIMA TRANSACCIÓN
Fecha y hora de la última transacción 20141221122754.0
008 - CAMPO FIJO DE DESCRIPCIÓN FIJA--INFORMACIÓN GENERAL
Códigos de información de longitud fija   090702s2009 sp l 000 | spa d
017 ## - NÚMERO DE REGISTRO DE DERECHOS DE AUTOR Y DEPÓSITO LEGAL
Número de copyright o de depósito legal V 1456-2009
Agencia que asigna el número DL
020 ## - ISBN (INTERNATIONAL STANDARD BOOK NUMBER)
Número Internacional Normalizado para Libros (ISBN) 9788498764987
035 ## - NÚMERO DE CONTROL DEL SISTEMA
Número de control del sistema CES20090006196m
040 ## - FUENTE DE CATALOGACIÓN
Centro catalogador de origen ES-MaCES
Lengua de catalogación spa
Centro transcriptor ES-MaCES
110 1# - ENCABEZAMIENTO PRINCIPAL--NOMBRE CORPORATIVO
Nombre de entidad corporativa o nombre de jurisdicción como elemento inicial España
Título de la obra Ley orgánica para la reforma concursal, por la que se modifica la Ley orgánica 6/1985, de 1 de julio, del poder judicial
Fecha del congreso o de la firma de un tratado 2003
9 (RLIN) 3184
245 10 - MENCIÓN DE TÍTULO
Título Legislación concursal
Mención de responsabilidad, etc. Ana Belén Campuzano
250 ## - MENCIÓN DE EDICIÓN
Mención de edición 8ª ed.
Resto de la mención de edición / a cargo de Ana Belén Campuzano
260 ## - PUBLICACIÓN, DISTRIBUCIÓN, ETC (PIE DE IMPRENTA)
Lugar de publicación, distribución, etc. Valencia
Nombre del editor, distribuidor, etc. Tirant lo Blanch
Fecha de publicación, distribución, etc. 2009
300 ## - DESCRIPCIÓN FÍSICA
Extensión 420 p.
Dimensiones 17 cm
490 1# - MENCIÓN DE SERIE
Mención de serie Textos legales
500 ## - NOTA GENERAL
Nota general Índices
541 ## - NOTA DE LA FUENTE INMEDIANTE DE ADQUISICIÓN
Forma de adquisición Compra
650 #4 - ASIENTO SECUNDARIO DE MATERIA--TÉRMINO DE MATERIA
Término de materia o nombre geográfico como elemento inicial derecho concursal
9 (RLIN) 31756
650 #4 - ASIENTO SECUNDARIO DE MATERIA--TÉRMINO DE MATERIA
Término de materia o nombre geográfico como elemento inicial derecho mercantil
9 (RLIN) 27157
650 #4 - ASIENTO SECUNDARIO DE MATERIA--TÉRMINO DE MATERIA
Término de materia o nombre geográfico como elemento inicial España
9 (RLIN) 26964
650 #4 - ASIENTO SECUNDARIO DE MATERIA--TÉRMINO DE MATERIA
Término de materia o nombre geográfico como elemento inicial legislación económica
9 (RLIN) 27161
650 #4 - ASIENTO SECUNDARIO DE MATERIA--TÉRMINO DE MATERIA
Término de materia o nombre geográfico como elemento inicial texto
9 (RLIN) 29624
653 10 - TÉRMINO DE INDEXACIÓN--NO CONTROLADO
Término no controlado Legislación
700 1# - ENCABEZAMIENTO SECUNDARIO--NOMBRE PERSONAL
Nombre de persona Campuzano Laguillo, Ana Belén
Término indicativo de función ed. lit.
9 (RLIN) 8857
710 1# - ENCABEZAMIENTO SECUNDARIO--NOMBRE CORPORATIVO
Nombre de entidad o nombre de jurisdicción como elemento inicial España
Título de la obra Ley concursal
Fecha del congreso o de la firma de un tratado 2003
9 (RLIN) 2889
830 #0 - ENCABEZAMIENTO SECUNDARIO DE COLECCIÓN--TÍTULO UNIFORME
Título uniforme Textos legales (Tirant lo Blanch (Firma))
9 (RLIN) 33797
902 ## - CES. TIPO DE DOCUMENTO
Tipodoc (006$c Sirtex) LIB Libro
942 ## - ELEMENTOS KOHA
Fuente de clasificaión o esquema Clasificación propia del CES
Koha [por defecto] tipo de item Monografías
Parte de clasificación 6.1.
Existencias
Número de registro Signatura completa Tipo de item de Koha
074193 SR-6.1.-138 Monografías
© CES, Consejo Económico y Social de España 2021